Name Netflix TV Shows by pictures #1 - Statistics

General Stats
  • This quiz has been taken 499 times
  • The average score is 9 of 12
Answer Stats
Picture Answer % Correct
Squid Game
99%
Stranger Things
98%
Wednesday
95%
The Office
88%
Game of Thrones
82%
Breaking Bad
81%
Outer Banks
79%
Ginny & Georgia
77%
The Walking Dead
74%
Gossip Girl
64%
The Rookie
63%
Elite
41%
No matching quizzes found
Score Distribution
Percent of People with Each Score
Percentile by Number Answered
Your Score History
You have not taken this quiz